Stocks Bonds Options Futures Investments and Their Markets

Saved in:
Bibliographic Details
Other Authors: Veale, Stuart R.
Format: Book
Language:English
Published: New York Prentice-Hall 1987
Edition:1. ed.
Tags: Add Tag
No Tags, Be the first to tag this record!

MARC

LEADER 00000nam a2200000 4500
001 c040172
005 20221219120640.3
041 0 |a eng 
044 |a US 
245 1 0 |a Stocks Bonds Options Futures  |b Investments and Their Markets  |c Edit. Stuart R. Veale 
250 |a 1. ed. 
264 1 |a New York  |b Prentice-Hall  |c 1987 
300 |a 332 s. 
700 1 |a Veale, Stuart R.